Psychology for Nurses (Record no. 732)

MARC details
000 -LEADER
Fixed length control field 00523nam a2200205Ia 4500
003 - CONTROL NUMBER IDENTIFIER
Control field IIN
005 - DATE AND TIME OF LATEST TRANSACTION
Control field 20240201163317.0
008 - FIXED-LENGTH DATA ELEMENTS--GENERAL INFORMATION
Fixed length control field 231217s9999 xx 000 0 und d
020 ## - INTERNATIONAL STANDARD BOOK NUMBER / ISBN
Price Rs.475.00
International Standard Book Number 9788131253250
040 ## - CATALOGING SOURCE
Original cataloging agency IIN
Language of cataloging English
082 ## - DEWEY DECIMAL CLASSIFICATION NUMBER
Classification number 150.2461073
Book Number BAB
100 1# - MAIN ENTRY--PERSONAL NAME
Personal name Babu, Stephen
245 1# - TITLE STATEMENT
Title Psychology for Nurses
Statement of responsibility Stephen Babu and T. Gayathri
250 ## - EDITION STATEMENT
Edition statement 2nd ed
260 ## - IMPRINT
Name of publisher Elsevier
Place of publication New Delhi
Date of publication 2020
300 ## - PHYSICAL DESCRIPTION
Page / Vol. No xii, 223 p.
650 1# - SUBJECT ADDED ENTRY--TOPICAL TERM
Topical term Psychology
700 1# - ADDED ENTRY--PERSONAL NAME
Personal name Gayathri, T.
942 ## - ADDED ENTRY ELEMENTS (KOHA)
Koha item type Books
Holdings
Withdrawn status Lost status Source of classification Damaged status Not for loan Collection code Home library Current library Shelving location Date acquired Price Total Checkouts Call number Accession number Date last seen Copy number Price effective from Koha item type
    Dewey Decimal Classification       IDEAL INSTITUTE OF NURSING IDEAL INSTITUTE OF NURSING General Stacks 17/12/2023 475.00   150.2461073 BAB 727 17/12/2023 1 17/12/2023 Books
    Dewey Decimal Classification       IDEAL INSTITUTE OF NURSING IDEAL INSTITUTE OF NURSING General Stacks 17/12/2023 475.00   150.2461073 BAB 728 17/12/2023 2 17/12/2023 Books
    Dewey Decimal Classification     Purches Book IDEAL INSTITUTE OF NURSING IDEAL INSTITUTE OF NURSING General Stacks 11/03/2025 625.00   150.2461073 BAB 2017 19/05/2025 3 19/05/2025 Books
© Ideal Institute Of Nursing, All rights reserved.         Powered by Koha